La edad de oro / (Registro nro. 7319)

Detalles MARC
000 -LIDER
fixed length control field 01965nam a2200301 a 4500
001 - NÚMERO DE CONTROL
Identificador de número de control 000000199
003 - IDENTIFICACDOR DE NÚMERO DE CONTROL
control field DO-SdBNP
005 - DATE AND TIME OF LATEST TRANSACTION
control field 20180216101910.0
007 - CAMPOS FIJOS DE DESCRIPCIÓN FÍSICA
fixed length control field 000000199
008 - ELEMENTOS DE LONGITUD FIJA
fixed length control field 081124s2007 dr a 001 0 spa d
020 ## - ISBN
International Standard Book Number 9789945406542
040 ## - FUENTE DE CATALOGACIÓN
Agencia que crea de manera original el registro BPMSU
Idioma de catalogación spa
Agencia que realiza la transcripción BPMSU
092 ## - LOCALLY ASSIGNED DEWEY DECIMAL CALL NUMBER
Número de clasificación Cu863.2
Número de ítem (Cutter) M378e, 2007
100 1# - ASIENTO PRINCIPAL -- NOMBRE PERSONAL
Nombre personal Martí, José,
Fechas asociadas con el nombre 1853-1895
245 13 - MENCIÓN DE TITULO
Título La edad de oro /
Mención de responsabilidad José Martí.
250 ## - MENCIÓN DE EDICION
Mención de edición 5a ed.
260 ## - PUBLICACIÓN, DISTRIBUCIÓN, ETC. (PIE DE IMPRENTA)
Lugar de publicación, distribución, etc Santo Domingo :
Nombre del editor, distribuidor, etc. Tobogán,
Fecha de publicación, distribución, etc 2007.
300 ## - DESCRIPCIÓN FÍSICA
Extensión 233 p. :
Otros detalles físicos il. ;
Dimensiones 27 cm.
490 1# - MENCIÓN DE SERIES
Mención de serie Biblioteca Juvenil Tobogán
Volume/sequential designation 6
500 ## - NOTA GENERAL
Nota general "Este libro está formado con los cuatro números de la revista La edad de oro, que Martí escribió para los niños de América. La revista se publicó en Nueva York, en los meses de julio, agosto, septiembre y octubre del año 1889. Los grabados son reproducción de los originales de la revista."
505 0# - NOTA DE CONTENIDO
Información miscelánea Primer número.
Título A los niños que lean La Edad de Oro --
-- Tres héroes --
-- Dos milagros --
-- Meñique --
-- Cada uno a su oficio --
-- La Ilíada, de Homero --
-- Un juego nuevo y otros viejos --
-- Bebé y el señor don Pomposo --
-- La última página --
Información miscelánea Segundo número.
Título La historia del hombre contada por sus casas --
-- Los dos príncipes --
-- Nené traviesa --
-- La perla de la mora --
-- Las ruinas indias --
-- Músicos, poetas y pintores --
-- La última página --
Información miscelánea Tercer número.
Título La exposición de París --
-- El camarón encantado --
-- El padre las Casas --
-- Los zapaticos de rosa --
-- La última página --
Información miscelánea Cuarto número.
Título Un paseo por la tierra de los anamitas --
-- Historia de la cuchara y el tenedor --
-- La muñeca negra --
-- Cuentos de elefantes --
-- Los dos ruiseñores --
-- La galería de las máquinas --
-- La última página.
650 #4 - ENCABEZAMIENTO DE MATERIA--TEMÁTICO
Término temático o nombre geográfico como elemento de entrada CUENTOS INFANTILES CUBANOS
650 #4 - ENCABEZAMIENTO DE MATERIA--TEMÁTICO
Término temático o nombre geográfico como elemento de entrada LITERATURA INFANTIL CUBANA
830 #0 - ASIENTO SECUNDARIO DE SERIE--TÍTULO UNIFORME
Título uniforme Biblioteca Juvenil Tobogán
Volume number/sequential designation 6
910 ## - VALIDACIÓN
Validación Validado. Control de calidad BNPHU
942 ## - ADDED ENTRY ELEMENTS (KOHA)
Source of classification or shelving scheme Dewey Decimal Classification
Koha item type Libros
956 ## - LOCAL ELECTRONIC LOCATION AND ACCESS (OCLC)
Nombre de host VMATEO
Número de acceso 10
Información de compresión 20151002
Inicio de sesión BPMSU
Procesador de solicitud 0069
Existencias
Withdrawn status Lost status Source of classification or shelving scheme Damaged status Not for loan Collection code Home library Current library Date acquired Total Checkouts Full call number Barcode Date last seen Price effective from Koha item type Copy number
    Dewey Decimal Classification       Biblioteca Pública Metropolitana Salomé Ureña Biblioteca Pública Metropolitana Salomé Ureña 02/03/2015   Cu863.2 M378e 2007 BPMSU15041003 02/03/2015 02/03/2015 Libros  
    Dewey Decimal Classification       Biblioteca Pública Metropolitana Salomé Ureña Biblioteca Pública Metropolitana Salomé Ureña 02/03/2015   Cu863.2 M378e 2007 BPMSU15041004 02/03/2015 02/03/2015 Libros ej. 2
    Dewey Decimal Classification       Biblioteca Pública Metropolitana Salomé Ureña Biblioteca Pública Metropolitana Salomé Ureña 02/03/2015   Cu863.2 M378e 2007 BPMSU15041005 02/03/2015 02/03/2015 Libros ej. 3